Κουίζ Πολλαπλής Επιλογής Πόλης – Πειραιάς - Statistics

General Stats
  • This quiz has been taken 30 times
  • The average score is 8 of 10
Answer Stats
Question Answer % Correct
Δίπλα σε ποια μεγάλη πόλη βρίσκεται ο Πειραιάς; Αθήνα
100%
Ποια είναι η κύρια πλατεία του Πειραιά; Κοραή
100%
Ποια από αυτές τις περιοχές δεν είναι στον Πειραιά; Πλάκα
95%
Ποιος αρχαίος Έλληνας θεός λατρευόταν στο ιερό του Πειραιά; Ποσειδώνας
82%
Ποιος θρυλικός Έλληνας στρατηγός πέθανε κοντά στον Πειραιά; Γεώργιος Καραϊσκάκης
82%
Ποιο αρχαίο οικοδόμημα χτίστηκε για να προστατεύει το λιμάνι του Πειραιά; Μακρά Τείχη
68%
Ποιος Έλληνας ήρωας απέπλευσε από το λιμάνι του Πειραιά στη μυθολογία; Θησέας
68%
Πόσες γραμμές του μετρό διέρχονται από τον Πειραιά; 2
68%
Ποιος από αυτούς τους ποδοσφαιρικούς συλλόγους είναι από τον Πειραιά; Εθνικός
59%
Ποιο είναι το όνομα του μεγάλου κλειστού γηπέδου του Πειραιά; Στάδιο Ειρήνης και Φιλίας
45%
No matching quizzes found
Score Distribution
Percent of People with Each Score
Percentile by Number Answered
Your Score History
You have not taken this quiz